Cliquez sur les pays d'Afrique dans l'ordre alphabétique sur une carte - Statistiques

Statistiques générales
  • Ce quiz a été pris 133 fois
    112 depuis la dernière actualisation
  • Le résultat moyen est 19 sur 54
Réponses sur la Carte
Les réponses sont colorées sur une échelle allant du rouge au vert en fonction du pourcentage des utilisateurs qui les ont devinées à leur premier essai. Vous pouvez retrouver ces pourcentages ci-dessous.
 
Statistiques - réponses
Réponse % Correct
2 : A...
84%
3 : A...
71%
1 : A...
67%
12 : D...
61%
10 : C...
51%
16 : E...
49%
23 : K...
49%
4 : B...
49%
5 : B...
49%
7 : B...
49%
6 : B...
47%
14 : E...
43%
20 : G...
43%
36 : N...
43%
15 : E...
41%
37 : O...
41%
8 : C...
41%
22 : G...
39%
26 : L...
39%
54 : Z...
39%
32 : M...
37%
33 : M...
37%
35 : N...
37%
53 : Z...
37%
9 : C...
37%
19 : G...
35%
41 : R...
35%
47 : S...
35%
52 : T...
35%
17 : G...
33%
18 : G...
33%
13 : E...
31%
24 : L...
31%
40 : R...
31%
11 : C...
29%
34 : N...
29%
25 : L...
27%
30 : M...
27%
48 : S...
27%
50 : T...
27%
29 : M...
25%
46 : S...
24%
27 : M...
22%
51 : T...
22%
45 : S...
18%
49 : T...
18%
28 : M...
16%
39 : R...
16%
43 : S...
16%
38 : R...
14%
44 : S...
14%
42 : S...
8%
31 : M...
6%
21 : G...
2%
Aucun quiz correspondant
Distribution des résultats
% des personnes avec chaque résultat
Percentile par nombre de réponses
Votre historique - résultats
Vous n’avez pas pris ce quiz depuis la dernière actualisation